| 000 | 01627nam a2200229Ia 4500 | ||
|---|---|---|---|
| 003 | Ost | ||
| 005 | 20260507075321.0 | ||
| 008 | 260507s9999||||xx |||||||||||||| ||und|| | ||
| 040 | _cfsecg | ||
| 041 | _aara | ||
| 082 | _a332.6322 | ||
| 100 |
_aالعبد اللات، حسام ابراهيم _eمؤلف |
||
| 245 | 0 |
_aأثر الاعلان عن الارباح في سلوك المستثمرين بالاتجار بالاسهم : _bدراسة تحليلية عن الشركات المسجلة في بورصة عمان للفترة 2001 ــ 2005 / _c حسام ابراهيم العبد اللات |
|
| 260 |
_aعمان: _bدار يافا العلمية للنشر والتوزيع, _c2010 |
||
| 300 |
_a178 صفحة؛ _bإيضاحات ؛ _c24 سم |
||
| 504 | _aقائمة الجداول ص.13 | ||
| 520 | _aعلم النفس والأسواق المالية، الإعلانات عن الأرباح في الجانب النظري في التشريعات الأردنية، الطبيعة العشوائية للتغيرات في الأرباح، التقارير المالية كأداة إتصال مع الأسواق المالية، استجابات حجم التداول للإفصاح المحاسبي، المحتوى المعلوماتي للصفقة التجارية في أسواق الأوراق المالية، المعلومات وكفاءة السوق، الفعالية على مستوى الضعيف وشبه القوي والمستوى القوي، نتائج الدراسة | ||
| 653 | _aالارباح | ||
| 653 | _aالاستثمار ــ عمان | ||
| 653 | _aالاعلان | ||
| 942 | _cكتاب | ||
| 999 |
_c43922 _d43922 |
||